| 000 | 00850nam a2200265 i 4500 | ||
|---|---|---|---|
| 001 | 63585 | ||
| 003 | ES-MaACL | ||
| 005 | 20250707203847.0 | ||
| 007 | t| | ||
| 008 | 031212s1984 sp ||||1| spa d | ||
| 020 | _a84-206-2409-8 | ||
| 080 | _a94(100)"1914/18" | ||
| 100 | 1 |
_aFerro, Marc. _950595 |
|
| 245 | 1 | 3 |
_aLa Gran Guerra (1914-1918) / _cMarc Ferro ; prefacio de Pierre Renouvin ; [traductor, Soledad Ortega]. |
| 250 | _a1ยช ed. en "Alianza Universidad". | ||
| 260 |
_aMadrid : _bAlianza Editorial, _c1984. |
||
| 300 |
_a388 p. ; _c20 cm. |
||
| 490 | 1 |
_aAlianza universidad ; _v409 |
|
| 650 | 4 |
_aGuerra mundial, 1914-1918. _913212 |
|
| 700 | 1 |
_aRenouvin, Pierre. _996236 |
|
| 700 | 1 |
_aOrtega, Soledad, _d1914-2007 _987431 |
|
| 830 | 1 |
_aAlianza universidad ; _v409 _9177276 |
|
| 852 |
_aES-MaACL _jL-7160 |
||
| 999 |
_c63585 _d63585 |
||